Rome Landmark Quizz 🇮🇹🍕🍝 - Statistics

General Stats
  • This quiz has been taken 9 times
  • The average score is 4 of 8
Answer Stats
Picture Answer % Correct
Colosseum
100%
Trevi Fountain
89%
St. Peter's Basilica
67%
Pantheon
56%
Roman Forum
44%
Castel Sant'Angelo
33%
Spanish Steps
22%
Piazza Navona
11%
No matching quizzes found
Score Distribution
Percent of People with Each Score
Percentile by Number Answered
Your Score History
You have not taken this quiz